|
|
|
|
| LEADER |
00649nam a22001817a 4500 |
| 020 |
|
|
|a 0333 903439
|
| 074 |
|
|
|a 3465
|
| 082 |
|
|
|a 342.54 SHA'03
|
| 100 |
|
|
|a Sharma,Ram Sharan
|9 639
|
| 245 |
|
|
|a Indian feudalism
|
| 250 |
|
|
|a ed.2
|
| 260 |
|
|
|a New Delhi
|b Macmillan India
|c 2003
|
| 300 |
|
|
|a viii,265p.
|
| 500 |
|
|
|a include index
|
| 653 |
|
|
|a Feudalism
|a constitutional law
|a law
|
| 999 |
|
|
|c 3912
|d 3912
|
| 952 |
|
|
|0 0
|1 0
|2 udc
|4 0
|6 34254_SHA03
|7 0
|9 4969
|a NUALS
|b NUALS
|d 2010-03-09
|l 0
|o 342.54 SHA'03
|p 3465
|r 2010-03-09
|t 1
|w 2010-03-09
|y BK
|
| 952 |
|
|
|0 0
|1 0
|2 udc
|4 1
|6 34254_SHA103
|7 0
|9 4970
|a NUALS
|b NUALS
|d 2010-03-09
|l 0
|o 342.54 SHA.1'03
|p 3466
|r 2010-03-09
|t 1
|w 2010-03-09
|y BK
|